000 00640nam a2200265Ia 4500
005 20260121170421.0
008 008 260114s9999 xx 000 0 eng d
020 _a9781137542823
037 _aEBOOK
040 _aCRL
040 _beng
040 _cCRL
041 _2eng
041 _aeng
084 _qCRL
100 _aMichael Singh, Th? H?ng Nhung Nguy?n
_91063622
245 0 _aLocalising Chinese
260 _bSpringer
260 _bSpringer
260 _c2018
856 _uhttps://link.springer.com/openurl?genre=book&isbn=978-1-137-54282-3
942 _cEBOOK
999 _c1629351
_d1629351